000 00574pam a2200217 a 4500
001 3260518
005 20180205034710.0
008 810609s1981 njua b 001 0 eng
010 _a 81010516
020 _a0894330837
040 _aDLC
_cDLC
_dDLC
041 _aeng
080 _a658.4012 LEE
082 0 0 _a658.4012 LEE
_219
100 1 _a54
101 _aMEN
245 1 0 _aManagement by multiple objectives /
_cSang M. Lee.
504 _aIncludes bibliographical references and index.
906 _a7
_bcbc
_corignew
_d1
_eocip
_f19
_gy-gencatlg
942 _2ddc
_cBK
999 _c41725
_d41725